000 00214nam a2200097Ia 4500
005 20251222114342.0
008 251222s1900||||xx |||||||||||||| ||spa||
082 _aDVD0111/L27C/2006/Ej.2
245 0 _aCars:
942 _cDVD
999 _c892
_d892